000
00338nam a2200145Ia 4500
008
240624s9999 xx 000 0 und d
041
_a
eng
082
_a
332 FAB
100
_a
FABOZZI FRANK J
245
_a
HANDBOOK OF FINANCE
260
_c
2008
_a
New Jersey
_b
John Wiley and Sons
300
_a
28 : cm.
365
_c
_b
30
440
_v
3
999
_c
10645
_d
10645